| 000 | 00703nam a2200205 a 4500 | ||
|---|---|---|---|
| 001 | 000033088 | ||
| 005 | 20200930070024.0 | ||
| 008 | 110817s2012 dr 001 0 spa d | ||
| 020 | _a9789945165067 | ||
| 040 |
_aDO-SdBNP _bspa _cBNPHU |
||
| 082 |
_a972.93 _bM938n |
||
| 100 | 1 |
_aMoya y Cordero, Malaquías _958768 |
|
| 245 | 1 | 0 |
_aNarraciones y comentarios / _cMalaquías Moya y Cordero. |
| 260 |
_aSanto Domingo : _bBúho, _c2012. |
||
| 300 |
_a91 p. ; _c23 cm. |
||
| 651 | 4 |
_aRepública Dominicana _xHistoria _ySIGLO XX _xRelatos Personales _958769 |
|
| 651 | 4 |
_aRepública Dominicana _xVida Social Y Costumbres _xRelatos Personales _958770 |
|
| 910 | _aValidado. Control de calidad EMS | ||
| 049 | _aBNPD | ||
| 999 |
_c32579 _d32579 |
||